[Event "FRA-chT2 Nord (Women)"]
[Site "France"]
[Date "2005.02.??"]
[Round "2"]
[White "Dourerassou, Cynthia"]
[Black "Dubuisson, Alice"]
[Result "1-0"]
[WhiteElo "1590"]
[BlackElo "1680"]
[PlyCount "103"]
[EventDate "2005.03.01"]
[EventType "team"]
[EventRounds "3"]
[EventCountry "FRA"]
[SourceTitle "EXT 2007"]
[Source "ChessBase"]
[SourceDate "2006.11.23"]
[SourceVersion "1"]
[SourceVersionDate "2006.11.23"]
[SourceQuality "1"]

1. e4 c6 2. Nf3 d5 3. exd5 cxd5 4. Nc3 Nc6 5. Bb5 Nf6 6. 0-0 g6 7. Ne5 Bd7 8. d4 Bg7 9. Be3 0-0 10. Qd2 Ng4 11. Nf3 a6 12. Ba4 Nxe3 13. fxe3 Bf5 14. Bb3 e6 15. Ne2 e5 16. Qe1 Re8 17. c3 Bd3 18. Rd1 e4 19. Nd2 Rf8 20. Rf2 Bxe2 21. Qxe2 Qg5 22. Rdf1 Bh6 23. Rf4 Rae8 24. R1f2 Qd8 25. Rg4 Re6 26. c4 Ne7 27. Rg3 Bg7 28. Rf4 f5 29. cxd5 Nxd5 30. Rf1 b5 31. Rh3 Ree8 32. Nb1 Kh8 33. Nc3 Nb6 34. Rf4 Qd7 35. Rfh4 h6 36. Qf2 Qe7 37. Qg3 Kh7 38. Ne2 Rf6 39. Qg5 h5 40. Nf4 Bh6 41. Qg3 g5 42. Rxh5 gxf4 43. Qxf4 Qg7 44. Rg3 Rg6 45. Rxh6+ Rxh6 46. Rxg7+ Kxg7 47. Qc7+ Kh8 48. Qf7 Rc8 49. Qxf5 Rc1+ 50. Kf2 Kg7 51. Qf7+ Kh8 52. Qg8# 1-0

[Event "FRA-chT2 Nord (Women)"]
[Site "France"]
[Date "2005.02.??"]
[Round "1"]
[White "Dubuisson, Alice"]
[Black "Pierquin, Laura"]
[Result "0-1"]
[WhiteElo "1630"]
[BlackElo "1390"]
[PlyCount "48"]
[EventDate "2005.03.01"]
[EventType "team"]
[EventRounds "3"]
[EventCountry "FRA"]
[SourceTitle "EXT 2007"]
[Source "ChessBase"]
[SourceDate "2006.11.23"]
[SourceVersion "1"]
[SourceVersionDate "2006.11.23"]
[SourceQuality "1"]

1. e4 Nc6 2. Nf3 e5 3. Bc4 Bc5 4. 0-0 Nf6 5. d3 d6 6. h3 0-0 7. Nc3 Be6 8. Bxe6 fxe6 9. Bd2 Nd4 10. Re1 Nxf3+ 11. Qxf3 Nd5 12. Bf4 Nxf4 13. Rf1 Qh4 14. Nd1 Nd5 15. Qe2 Qg3 16. Kh1 Nf4 17. fxg3 Nxe2 18. Rxf8+ Rxf8 19. Kh2 Rf1 20. h4 h6 21. a4 g5 22. c3 g4 23. Nf2 Rxa1 24. Nh1 Bg1# 0-1